Movies Quiz

Random Movies or Actor Quiz

Movie Titles A-Z Quiz Stats

 Plays Quiz not verified by Sporcle

Challenge
Share
Tweet
Embed
Score 0/27 Timer 10:00
0 Plays Today
Actors Movie % Correct
K- Seth Rogen & Katherine HeigelKnocked Up
87%
W- Owen Wilson & Vince VaughnWedding Crashers
86.3%
I- Robert Downey Jr. & Mickey Rourke (Hint: sequel)Iron Man 2
84.8%
X- Vin Diesel Willem DafoeXXX: State of the Union
82.7%
S- Sandra Bullock & Keanu ReevesSpeed
81.2%
E- Will Ferrell & James CaanElf
78%
H- Will Smith & Jason BatemanHancock
77.6%
Y- Jim Carrey & Zooey DeschanelYes Man
76.2%
F- Jason Segal & Kristen BellForgetting Sarah Marshall
71.5%
J- Amy Adams & Meryl StreepJulie & Julia
69%
T- Ben Stiller & Robert Downey Jr.Tropic Thunder
68.6%
R- Seann William Scott & Paul RuddRole Models
65%
U- Kate Beckinsale & Michael SheenUnderworld Trilogy
65%
Z- Jesse Eisenberg & Woody HarrelsonZombieland
64.6%
Actors Movie % Correct
L- Reese Witherspoon & Luke WilsonLegally Blonde
62.1%
P- Kiefer Sutherland & Colin FarrellPhone Booth
57.4%
C- Nicolas Cage & John MalkovichCon Air
56%
G- Clint Eastwood & Bee VangGran Torino
54.5%
M- Denzel Washington & Christopher WalkenMan On Fire
46.6%
B- Alex Winter & Keanu ReevesBill & Teds Excellent Adventure or Bill & Teds Bogus Journey
43.7%
N- Ben Stiller & Robin WilliamsNight at The Museum
41.5%
V- Dennis Quaid & Forest WhitakerVantage Point
40.1%
Bonus: # Movie- John Cusack & Chiwetel Ejiofor2012
30%
D- Jason Statham & Ian McShaneDeath Race
22.4%
A- Tom Hanks & Ewan McGregorAngels And Demons
20.9%
O- Vera Farmiga & Peter SarsgaardOrphan
17.7%
Q- Jennifer Carpenter & Steve Harris' ScottQuarantine
17.7%

You're not logged in!

Compare scores with friends on all Sporcle quizzes.
OR
Log In

You Might Also Like...

Show Comments

Extras

Top Quizzes Today


Score Distribution

Your Account Isn't Verified!

In order to create a playlist on Sporcle, you need to verify the email address you used during registration. Go to your Sporcle Settings to finish the process.

Report this User

Report this user for behavior that violates our Community Guidelines.

Details: